[Event "Szeged op"]
[Site "Szeged"]
[Date "1993.??.??"]
[Round "8"]
[White "Neverov, Anatoly"]
[Black "Soos, Arpad"]
[Result "1/2-1/2"]
[WhiteElo "2305"]
[BlackElo "2315"]
[PlyCount "21"]
[EventDate "1993.??.??"]
[EventType "swiss"]
[EventRounds "9"]
[EventCountry "HUN"]
[SourceTitle "EXT 1997"]
[Source "ChessBase"]
[SourceDate "1996.11.15"]
[SourceVersion "1"]
[SourceVersionDate "1996.11.15"]
[SourceQuality "1"]

1. e4 c5 2. Nf3 d6 3. d4 cxd4 4. Nxd4 Nf6 5. Nc3 Nc6 6. Bc4 e6 7. Be3 Be7 8. Qe2 0-0 9. 0-0-0 a6 10. Bb3 Qc7 11. Rhg1 1/2-1/2